00501nam a22001697a 450000500170000001000150001702000260003203500130005803700130007108200150008410000200009924500580011926000380017727000540021530000220026950000400029120100816103514.0 aENG-100557 a9788190749039c100.00 aEN-84090 bDBAD/PUB a325.095431 aMurugavalli, S. aRefugees problems in Tamil Nadu /bby S. Murugavalli aChennaibAndril Pathippagamc2007 a192mJagajeevan Ram Salai,ChepaukbChennaie600005x a160p.c23cm (pbk) aIncludes bibliographical references